[Event "Paris-ch"]
[Site "Paris"]
[Date "2006.07.12"]
[Round "8"]
[White "Jablonski, Noham"]
[Black "Stoenescu, Radu"]
[Result "0-1"]
[WhiteElo "2254"]
[BlackElo "2123"]
[PlyCount "104"]
[EventDate "2006.07.08"]
[EventType "swiss"]
[EventRounds "9"]
[EventCountry "FRA"]
[SourceTitle "EXT 2007"]
[Source "ChessBase"]
[SourceDate "2006.11.23"]
[SourceVersion "1"]
[SourceVersionDate "2006.11.23"]
[SourceQuality "1"]

1. e4 c5 2. Nf3 d6 3. Nc3 Nf6 4. g3 Bg4 5. Bg2 Nc6 6. h3 Bxf3 7. Qxf3 g6 8. 0-0 Bg7 9. d3 0-0 10. Qd1 Rb8 11. f4 Nd4 12. Ne2 Nd7 13. f5 b5 14. Nf4 b4 15. Be3 Nb6 16. Qd2 Na4 17. Nd5 Nb6 18. Nf4 Qd7 19. Rf2 Be5 20. c3 bxc3 21. bxc3 Nb5 22. Ne2 Rfc8 23. Raf1 Bh8 24. fxg6 fxg6 25. Bh6 Bf6 26. g4 Qc7 27. Qf4 d5 28. Qxc7 Nxc7 29. g5 Be5 30. h4 Re8 31. d4 cxd4 32. cxd4 Bg7 33. Bxg7 Kxg7 34. Rf7+ Kg8 35. e5 Ne6 36. Bh3 Ng7 37. e6 Nc4 38. Nc3 Rbd8 39. Nb5 Ne3 40. R1f3 Nef5 41. Bxf5 Nxf5 42. Ra3 Rb8 43. Nc7 Rec8 44. Rxa7 Rb2 45. a4 Rc2 46. Rxf5 gxf5 47. Nxd5 Rb8 48. Ne3 Rb1+ 49. Nf1 Rcc1 50. Rxe7 Rxf1+ 51. Kh2 Rfd1 52. Rd7 Rd3 0-1

[Event "FRA-chT2 0304"]
[Site "France"]
[Date "2003.11.16"]
[Round "3"]
[White "Stoenescu, Radu"]
[Black "Fossier, Francois"]
[Result "1-0"]
[WhiteElo "2210"]
[BlackElo "2239"]
[PlyCount "123"]
[EventDate "2003.10.??"]
[EventType "team"]
[EventRounds "11"]
[EventCountry "FRA"]
[SourceTitle "EXT 2005"]
[Source "ChessBase"]
[SourceDate "2004.11.15"]
[SourceVersion "1"]
[SourceVersionDate "2004.11.15"]
[SourceQuality "1"]
[WhiteTeam "Paris APSAP"]
[BlackTeam "Henin Beaumont"]
[WhiteTeamCountry "FRA"]
[BlackTeamCountry "FRA"]

1. e4 g6 2. d4 Bg7 3. c3 c6 4. Bd3 d5 5. e5 f6 6. f4 Nh6 7. h3 Bf5 8. g4 Bxd3 9. Qxd3 fxe5 10. fxe5 0-0 11. Nf3 e6 12. Nbd2 Nd7 13. Nf1 c5 14. Ng5 Qb6 15. Ng3 Nf7 16. Rf1 Nxg5 17. Bxg5 Rxf1+ 18. Nxf1 Qxb2 19. Rb1 Qxa2 20. Rxb7 c4 21. Qe3 Rb8 22. Rxb8+ Nxb8 23. Bf6 Nd7 24. g5 Qb1+ 25. Ke2 a5 26. h4 a4 27. Qh3 Kf7 28. Nd2 Qf5 29. Qxf5 gxf5 30. Kd1 Bf8 31. h5 Nb6 32. Bd8 Nc8 33. Kc2 Ne7 34. Kb2 Nc6 35. Bb6 Be7 36. Nf3 Nb8 37. Bc7 Nc6 38. Bb6 Nb8 39. Bc7 Na6 40. Bd6 Bd8 41. Ka3 Ba5 42. Kxa4 Bxc3 43. Kb5 Bb2 44. Kxa6 c3 45. Ne1 f4 46. Bb4 f3 47. Nxf3 c2 48. Bd2 c1Q 49. Bxc1 Bxc1 50. Kb6 Ke7 51. Kc6 Be3 52. g6 hxg6 53. hxg6 Bh6 54. Kc7 Bg7 55. Ng5 Bh6 56. Nf3 Bf8 57. Ne1 Bg7 58. Nd3 Bh6 59. Nb4 Bf8 60. Nc6+ Ke8 61. g7 Bxg7 62. Kd6 1-0

[Event "FRA-chT3"]
[Site "Maisons Alfort"]
[Date "2001.04.01"]
[Round "9.5"]
[White "Stoenescu, Radu"]
[Black "Chang, Xavier"]
[Result "0-1"]
[WhiteElo "2090"]
[BlackElo "2020"]
[PlyCount "72"]
[EventDate "2001.03.31"]
[EventType "team"]
[EventRounds "9"]
[EventCountry "FRA"]
[SourceTitle "EXT 2003"]
[Source "ChessBase"]
[SourceDate "2002.11.25"]
[SourceVersion "1"]
[SourceVersionDate "2002.11.25"]
[SourceQuality "1"]

1. e4 g6 2. d4 Bg7 3. c3 d6 4. f4 Nf6 5. Qc2 0-0 6. Nf3 c5 7. Be3 d5 8. e5 Ng4 9. Bg1 cxd4 10. Nxd4 Nc6 11. Bd3 f6 12. exf6 Rxf6 13. f5 Nxd4 14. Bxd4 e5 15. Bc5 e4 16. Be2 Rxf5 17. Nd2 b6 18. Bg1 Qg5 19. Nf1 Rf7 20. h4 Qf4 21. g3 Qd6 22. h5 Be6 23. hxg6 hxg6 24. Rh4 Rxf1+ 25. Bxf1 Qxg3+ 26. Bf2 Nxf2 27. Qxf2 Bxc3+ 28. bxc3 Qxc3+ 29. Qd2 Qxa1+ 30. Kf2 Rf8+ 31. Rf4 Rxf4+ 32. Qxf4 Qxa2+ 33. Ke3 Qa3+ 34. Kd2 e3+ 35. Ke2 Qb2+ 36. Kxe3 Qc1+ 0-1

[Event "FRA-ch U18"]
[Site "Montlucon"]
[Date "1997.??.??"]
[Round "5"]
[White "Taddei, Benoit"]
[Black "Stoenescu, Radu"]
[Result "0-1"]
[WhiteElo "2020"]
[BlackElo "2120"]
[PlyCount "94"]
[EventDate "1997.??.??"]
[EventType "swiss"]
[EventRounds "8"]
[EventCountry "FRA"]
[SourceTitle "EXT 2020"]
[Source "ChessBase"]
[SourceDate "2019.10.17"]
[SourceVersion "1"]
[SourceVersionDate "2019.10.17"]
[SourceQuality "1"]

1. d4 d5 2. Nf3 c5 3. g3 Nc6 4. Bg2 Bg4 5. Ne5 Bf5 6. c4 cxd4 7. Nxc6 bxc6 8. Qxd4 e6 9. cxd5 cxd5 10. Bd2 Nf6 11. Bb4 Qb6 12. Qxb6 axb6 13. Bxf8 Rxf8 14. Nc3 Ke7 15. 0-0 Rfc8 16. Rac1 Rc5 17. b4 Rcc8 18. a3 Ne8 19. Nb5 Nd6 20. Rxc8 Rxc8 21. Nxd6 Kxd6 22. e3 Bd3 23. Ra1 Rc4 24. Rd1 Be2 25. Re1 Rc2 26. Ra1 Rb2 27. Bf1 Bxf1 28. Kxf1 f5 29. h4 g6 30. a4 Rxb4 31. a5 bxa5 32. Rxa5 Rb7 33. Ra6+ Ke5 34. Ra4 h6 35. Ke2 g5 36. hxg5 hxg5 37. Ra2 g4 38. Rd2 Rb4 39. Ra2 Ke4 40. Rc2 Rc4 41. Ra2 Rb4 42. Rc2 Rc4 43. Ra2 e5 44. Rb2 d4 45. exd4 exd4 46. Rd2 Rc1 47. Ra2 d3+ 0-1

[Event "FRA-chT U18"]
[Site "France"]
[Date "1996.??.??"]
[Round "?"]
[White "Hattu, Alexis"]
[Black "Stoenescu, Radu"]
[Result "1/2-1/2"]
[WhiteElo "2210"]
[BlackElo "2080"]
[PlyCount "53"]
[EventDate "1996.??.??"]
[EventType "team"]
[EventRounds "11"]
[EventCountry "FRA"]
[SourceTitle "EXT 2004"]
[Source "ChessBase"]
[SourceDate "2003.11.25"]
[SourceVersion "1"]
[SourceVersionDate "2003.11.25"]
[SourceQuality "1"]

1. d4 c5 2. d5 e5 3. e4 d6 4. Bd3 Be7 5. Ne2 Bg5 6. Bxg5 Qxg5 7. 0-0 a6 8. a4 b6 9. Nd2 Nd7 10. Nc4 Qe7 11. f4 Rb8 12. Ng3 Nh6 13. f5 0-0 14. Nh5 Nf6 15. Kh1 Nhg4 16. Nxf6+ Nxf6 17. Nd2 b5 18. axb5 axb5 19. b3 Qb7 20. Qe2 Bd7 21. Ra5 Ra8 22. Rfa1 Rxa5 23. Rxa5 Rb8 24. h3 Qb6 25. Ra1 h6 26. Kh2 Kh7 27. Qf2 1/2-1/2